000 00553nam a2200181Ia 4500
008 151018s9999 xx 000 0 und d
082 _bRBASDV3216
_a891.463
100 _aशर्मा स्वामी
245 _aवैजयंती
250 _b1
260 _bपॅरॅमाऊट प्रकाशन पुणे
300 _a141
600 _aशर्मा स्वामी
630 _aवैजयंती
700 _aशर्मा स्वामी
730 _aवैजयंती
942 _cBOOK
999 _c1005629
_d1005626